Statystyki dla TOP 50 Klubów rankingu FIFA

Kliknij tutaj aby rozwiązać quiz!

Ogólne statystyki

  • Ten quiz został rozwiązany 333 razy
  • Średni wynik to 27 z 50

Statystyki odpowiedzi

Lp.KrajKlub% Poprawnych
30NiemcyBayer
99%
4HiszpaniaReal Madryt
97%
6HiszpaniaBarcelona
94%
3AngliaManchester City
94%
10AngliaManchester United
93%
7FrancjaPSG
93%
1NiemcyBayern
92%
8WłochyJuventus
91%
2AngliaLiverpool
91%
9HiszpaniaAtletico Madryt
87%
5AngliaChelsea
87%
45WłochyAC Milan
83%
23WłochyInter
82%
15HolandiaAjax
81%
16PortugaliaFC Porto
78%
11WłochyAS Roma
74%
25WłochyNapoli
74%
14AngliaTottenham
73%
12HiszpaniaSevilla
72%
27PortugaliaBenfica
69%
28PortugaliaSporting
64%
13NiemcyRB Lipsk
61%
39UkrainaDynamo Kijów
60%
20FrancjaLyon
54%
50HolandiaPSV
53%
31WłochyLazio
47%
38FrancjaMarsylia
47%
18HiszpaniaVillareal
45%
43HiszpaniaValencia
41%
34ChorwacjaDynamo Zagrzeb
40%
32CzechySlavia Praga
39%
37RosjaZenit
38%
41DaniaKopenhaga
36%
33SzkocjaRangers
36%
21AustriaSalzburg
36%
24WłochyAtalanta
35%
29SzwajcariaBasel
32%
19NiemcyBVB
32%
35PortugaliaBraga
31%
46SzwajcariaYoung Boys
29%
42HolandiaFeyenoord
27%
44BelgiaClub Brugge
26%
48RosjaLokomotiv Moskwa
24%
36SerbiaCrvena Zvezda
22%
26NiemcyEintracht
20%
40GrecjaOlympiakos
19%
22UkrainaShakhtar
9%
17AngliaArseal
7%
47AustriaLASK
6%
49FrancjaStade Rennais
1%

Rozkład punktacji

Percentyl według liczby udzielonych odpowiedzi

Procent ludzi z każdym wynikiem

Twoja historia wyników

Nie rozwiązałeś tego quizu